000 01167cam a2200277 a 4500
001 000011987
005 20200929162639.0
008 960222s1994 sp ab b f001 0 spa d
020 _a8477901783
035 _a(SpBaP)pu 950004033
040 _aDO-SdBNP
_cDLC
043 _ae-sp---
050 0 0 _aHE557.S6
_bP83 1994
090 _annn
_bP977
245 0 0 _aPuertos españoles en la historia /
_cintroducción ; Ignacio González Tascón.
260 _aMadrid :
_bCentro de Estudios Históricos de Obras Públicas y Urbanismo :
_bMinisterio de Obras Públicas, Transportes y Medio Ambiente, Centro de Estudios y Experimentación de Obras Públicas,
_c1994.
300 _a389 p. :
_bil., mapas ;
_c30 cm.
504 _aIncluye referencias bibliográficas (p. 369-389).
650 0 _aHarbors
_zSpain
_xHistory.
_928356
700 1 _aGonzález Tascón, Ignacio
_eintrd.
_928357
710 2 _aCentro de Estudios Históricos de Obras Públicas y Urbanismo (Español)
_928358
710 2 _aCentro de Estudios y Experimentación de Obras Públicas (Español)
_928359
910 _aCatalogación por copia / LC
910 _aCatalogación por copia / LC
049 _aBNGR
999 _c11656
_d11656